Les synonymes de "rapidement" - Statistiques

Statistiques générales
  • Ce quiz a été pris 163 fois
  • Le résultat moyen est 11 sur 48
Statistiques - réponses
Indices Réponse % Correct
V A toute { vitesse}
79%
C familier A fond {la} {caisse}
76%
A A toute {allure}
75%
B familier A fond {les} {ballons}
64%
P Illico {presto}
62%
T En deux {temps} {trois} {mouvements}
55%
F Vite {fait} {bien} {fait}
53%
H A la {hâte}
50%
B A toute {berzingue}
50%
V V {Vite}
49%
G Pleins {gaz}
45%
V A la {va-vite}
43%
P Pied au {plancher}
42%
P italien P {Presto}
40%
C Sur les {chapeaux} {de} {roues}
40%
R En un {rien} {de} {temps}
38%
V A toute {vitesse}
27%
P Plein {pot}
25%
M familier A fond {les} {manettes}
21%
V En {vitesse}
21%
Q Au {quart} {de} {tour}
19%
T familier A fond {de} {train}
14%
Familier C En deux {coups} {de} {cuillère} {à} {pot}
14%
H H {Hâtivement}
14%
P soutenu P {Prestement}
14%
G A {grande} {vitesse}
12%
D En moins de temps qu'il {ne} {faut} {pour} {le} {dire}
12%
Familier F {Fissa}
12%
B A toute {blinde}
11%
G familier A fond {la} {gomme}
5%
Q En {quatrième} {vitesse}
5%
T En un {tournemain}
5%
P P {Précipitamment}
5%
P P {Promptement}
5%
Familier D {Dare-dare}
4%
T A {tombeau} {ouvert}
3%
Soutenu D {Diligemment}
3%
M En {moins} {de} {deux}
3%
G soutenu A {grand} {train}
2%
E En moins de temps qu'il {ne} {faut} {pour} {l'} {écrire}
2%
T En {trombe}
2%
B A {bride} {abattue}
1%
G Grand {train}
1%
B A toute {bride}
0%
C En {catastrophe}
0%
C En {cinq} {sec}
0%
F En {fanfare}
0%
R R {Rondement}
0%
Aucun quiz correspondant
Distribution des résultats
% des personnes avec chaque résultat
Percentile par nombre de réponses
Votre historique - résultats
Vous n’avez pas pris ce quiz